[Event "Torneo Zonale femminile"]
[Site "Saint Vincent - Chatillon ITA"]
[Date "1999.05.20"]
[Round "2"]
[White "Vilar Lopez, Monica"]
[Black "Regan, Natasha K."]
[Result "1-0"]
[WhiteElo "2175"]
[BlackElo "2151"]
[PlyCount "43"]
[EventDate "1999.05.19"]

1. e4 Nf6 2. e5 Nd5 3. d4 d6 4. Nf3 dxe5 5. Nxe5 g6 6. Qf3 Be6 7. c4 Nb4 8. d5
Nc2+ 9. Kd1 Nxa1 10. Nd2 Bf5 11. Bd3 Qd6 12. Nxf7 Kxf7 13. g4 Ke8 14. gxf5 gxf5
15. Bxf5 Nd7 16. Ne4 Qb6 17. Qh5+ Kd8 18. Ng5 Nf6 19. Nf7+ Ke8 20. Nd6+ Kd8 21.
Qe8+ Nxe8 22. Nf7# 1-0

[Event "Torneo Zonale femminile"]
[Site "Saint Vincent - Chatillon ITA"]
[Date "1999.05.21"]
[Round "3"]
[White "Bosboom-Lanchava, Tea"]
[Black "Calzetta Ruiz, Monica"]
[Result "0-1"]
[WhiteElo "2261"]
[BlackElo "2158"]
[PlyCount "64"]
[EventDate "1999.05.19"]

1. d4 Nf6 2. c4 c5 3. d5 b5 4. Nf3 e6 5. dxe6 fxe6 6. cxb5 d5 7. g4 Bd6 8. g5
Ne4 9. Nc3 Bb7 10. Nxe4 dxe4 11. Nh4 e3 12. Bg2 Bxg2 13. Nxg2 exf2+ 14. Kf1 O-O
15. h4 Qe7 16. b3 Be5 17. Rb1 Nd7 18. Qc2 Rad8 19. Rh3 Bd4 20. Nf4 Nb6 21. Nd3
Qb7 22. Nf4 e5 23. e3 exf4 24. exd4 Nd5 25. dxc5 Ne3+ 26. Bxe3 fxe3 27. Qc4+
Kh8 28. c6 Qc7 29. Qe2 Qe5 30. Rc1 Rd2 31. Rf3 Re8 32. c7 Qh2 0-1

[Event "Torneo Zonale femminile"]
[Site "Saint Vincent - Chatillon ITA"]
[Date "1999.05.21"]
[Round "3"]
[White "Carvalho, Alda"]
[Black "Regan, Natasha K."]
[Result "0-1"]
[WhiteElo "2104"]
[BlackElo "2151"]
[PlyCount "88"]
[EventDate "1999.05.19"]

1. e4 Nf6 2. e5 Nd5 3. c4 Nb6 4. b3 d6 5. exd6 exd6 6. Bb2 Nc6 7. Nf3 Bf5 8.
Be2 Be7 9. O-O O-O 10. d4 Bf6 11. Qd2 d5 12. Na3 Re8 13. Rfe1 Be4 14. Rad1 Qd7
15. c5 Nc8 16. Nc2 b6 17. Ne3 N8e7 18. b4 Ng6 19. b5 Nce7 20. c6 Qe6 21. Nf1
Qd6 22. Ng3 Nf4 23. Nxe4 dxe4 24. Ne5 Bg5 25. Qc2 Nxe2+ 26. Qxe2 f5 27. Qh5 h6
28. Qf7+ Kh7 29. d5 Rf8 30. Qe6 Qxe6 31. dxe6 Rf6 32. Rd7 Rxe6 33. Rxc7 Bf4 34.
Ba3 Ng8 35. Rf7 Bxe5 36. Rxf5 Kg6 37. g4 Nf6 38. f3 e3 39. h4 a6 40. h5+ Kh7
41. f4 Bc3 42. Re2 Nxg4 43. c7 axb5 44. Rxb5 Rc8 0-1

[Event "Torneo Zonale femminile"]
[Site "Saint Vincent - Chatillon ITA"]
[Date "1999.05.21"]
[Round "3"]
[White "Fittante, Giuliana"]
[Black "Agosto, Erika"]
[Result "1-0"]
[WhiteElo "2059"]
[BlackElo "2024"]
[PlyCount "67"]
[EventDate "1999.05.19"]

1. d4 d5 2. Nf3 Nf6 3. Bg5 e6 4. e3 Be7 5. Bd3 Nbd7 6. Nbd2 c5 7. c3 b6 8. O-O
h6 9. Bf4 Bb7 10. Ne5 Nxe5 11. Bxe5 O-O 12. Qf3 Ne8 13. Qh3 Bf6 14. f4 Qe7 15.
Nf3 Nd6 16. Bxd6 Qxd6 17. g4 Bc8 18. Qh5 g6 19. Qxh6 Bg7 20. Qh3 cxd4 21. cxd4
Bd7 22. Ng5 Rfc8 23. f5 exf5 24. gxf5 Qe7 25. Qh7+ Kf8 26. h4 f6 27. Ne6+ Bxe6
28. fxe6 Qxe6 29. Rac1 Qg4+ 30. Kh2 g5 31. hxg5 Qxg5 32. Rf5 Qh6+ 33. Qxh6 Bxh6
34. Rxf6+ 1-0

[Event "Torneo Zonale femminile"]
[Site "Saint Vincent - Chatillon ITA"]
[Date "1999.05.21"]
[Round "3"]
[White "Houska, Jovanka"]
[Black "Vilar Lopez, Monica"]
[Result "1-0"]
[WhiteElo "2286"]
[BlackElo "2175"]
[PlyCount "63"]
[EventDate "1999.05.19"]

1. e4 c6 2. d4 d5 3. e5 Bf5 4. c4 e6 5. Nc3 Bb4 6. Qb3 Bxc3+ 7. Qxc3 Ne7 8. Ne2
O-O 9. Ng3 Bg6 10. Be2 Nd7 11. O-O dxc4 12. Bxc4 Nb6 13. b3 Ned5 14. Qd2 Qe7
15. f4 Bf5 16. Nxf5 exf5 17. Bd3 g6 18. Bb2 h5 19. Rf3 Kg7 20. Qe2 Rad8 21. a4
a5 22. Ba3 Nb4 23. Bxf5 Rxd4 24. Bb2 Qc5 25. Kh1 Rfd8 26. e6 fxe6 27. Bxe6 Kh7
28. Bxd4 Qxd4 29. Raf1 N6d5 30. Bxd5 Nxd5 31. f5 g5 32. Rd3 1-0

[Event "Torneo Zonale femminile"]
[Site "Saint Vincent - Chatillon ITA"]
[Date "1999.05.21"]
[Round "3"]
[White "Lauterbach, Ingrid"]
[Black "Nicoara Etchegaray, Malina"]
[Result "0-1"]
[WhiteElo "2171"]
[BlackElo "2245"]
[PlyCount "110"]
[EventDate "1999.05.19"]

1. Nf3 c5 2. g3 Nc6 3. Bg2 g6 4. O-O Bg7 5. d3 d6 6. c4 e5 7. Nc3 Nge7 8. Nd5
h6 9. e4 O-O 10. Be3 Nd4 11. Qd2 Kh7 12. Nxe7 Qxe7 13. b4 f5 14. Bxd4 cxd4 15.
exf5 gxf5 16. Rae1 Qc7 17. a3 Bd7 18. Rc1 Bc6 19. b5 Bd7 20. Ne1 a5 21. f4 Rae8
22. Nf3 e4 23. Ne1 b6 24. Kh1 e3 25. Qe2 Bxb5 26. Nf3 Bc6 27. Rb1 Rb8 28. Rfc1
Qd7 29. Kg1 Rfc8 30. Bh3 Bf6 31. Rf1 Rg8 32. Rb2 b5 33. Rfb1 Kh8 34. Rb3 Rb7
35. cxb5 Rxb5 36. Rxb5 Bxb5 37. Ne1 Bg7 38. Qb2 Bc6 39. Qb6 Rf8 40. Qxa5 Qe6
41. Rb2 e2 42. Qd2 Re8 43. Kf2 Qe3+ 44. Qxe3 dxe3+ 45. Kxe2 Bxb2 46. Bxf5 Bxa3
47. Nc2 Bc5 48. d4 Bb6 49. Bg6 Re7 50. Bd3 Ba4 51. Nb4 Bxd4 52. Nd5 Rb7 53. f5
Rb2+ 54. Ke1 Rxh2 55. Bc4 Rh1+ 0-1

[Event "Torneo Zonale femminile"]
[Site "Saint Vincent - Chatillon ITA"]
[Date "1999.05.21"]
[Round "3"]
[White "Nepeina Leconte, Maria"]
[Black "Milligan Scott, Helen"]
[Result "1-0"]
[WhiteElo "2315"]
[BlackElo "2054"]
[PlyCount "75"]
[EventDate "1999.05.19"]

1. e4 e6 2. d3 d5 3. Nd2 c5 4. Ngf3 Nf6 5. g3 Nc6 6. Bg2 Be7 7. O-O b6 8. Re1
Bb7 9. c3 Qc7 10. Nf1 dxe4 11. dxe4 Rd8 12. Qe2 O-O 13. e5 Nd7 14. Bf4 Qc8 15.
h4 Ba6 16. Qe4 Ndb8 17. Ng5 Bd3 18. Qe3 Na5 19. Ne4 Nc4 20. Qc1 b5 21. h5 Bxe4
22. Bxe4 f5 23. exf6 Bxf6 24. Qc2 h6 25. Bg2 e5 26. Be3 a6 27. b3 Nxe3 28. Nxe3
Bg5 29. Nd5 Qg4 30. Qg6 Qf5 31. Qxf5 Rxf5 32. Bh3 Rf3 33. Rxe5 Rdf8 34. Re2 Nc6
35. Bg2 R3f7 36. Nb6 Ne7 37. Nd7 Rc8 38. Bh3 1-0

[Event "Torneo Zonale femminile"]
[Site "Saint Vincent - Chatillon ITA"]
[Date "1999.05.21"]
[Round "3"]
[White "Sebag, Marie"]
[Black "Jap Tjoen San, Linda"]
[Result "1-0"]
[WhiteElo "2053"]
[BlackElo "2233"]
[PlyCount "67"]
[EventDate "1999.05.19"]

1. e4 a6 2. d4 b5 3. a4 Bb7 4. f3 b4 5. Bd3 e6 6. c4 c5 7. d5 exd5 8. cxd5 Qc7
9. Nd2 d6 10. a5 Nd7 11. Nc4 Be7 12. Ne2 Ne5 13. Ng3 Nxc4 14. Bxc4 Bf6 15. Qa4+
Qd7 16. Nf5 Qxa4 17. Rxa4 Kd7 18. Bf4 g5 19. Bxd6 Bxb2 20. Kd1 Bc3 21. h4 g4
22. e5 Re8 23. f4 h5 24. Bxc5 Nh6 25. Nxh6 Rxh6 26. Bxb4 Bxe5 27. fxe5 Rxe5 28.
Re1 Rxe1+ 29. Bxe1 Rf6 30. Rb4 Kc8 31. Bg3 Rf5 32. Rb6 Bxd5 33. Bxa6+ Kd7 34.
Bd3 1-0

[Event "Torneo Zonale femminile"]
[Site "Saint Vincent - Chatillon ITA"]
[Date "1999.05.21"]
[Round "3"]
[White "Sziva, Erika"]
[Black "Garcia Vicente, Nieves"]
[Result "1-0"]
[WhiteElo "2332"]
[BlackElo "2263"]
[PlyCount "81"]
[EventDate "1999.05.19"]

1. e4 e5 2. Nf3 Nc6 3. Bb5 Nf6 4. O-O Nxe4 5. d4 Nd6 6. dxe5 Nxb5 7. a4 Nbd4 8.
Nxd4 Nxd4 9. Qxd4 d5 10. Nc3 c6 11. Be3 Bf5 12. f4 Qd7 13. Rf2 h5 14. a5 Rh6
15. Na4 Rg6 16. Rd1 Be4 17. Qxe4 dxe4 18. Rxd7 Kxd7 19. f5 Rg4 20. h3 Rg3 21.
Bf4 h4 22. Bxg3 hxg3 23. Re2 Bb4 24. Rxe4 Bxa5 25. Nc5+ Ke7 26. Kf1 Bc7 27. Nd3
f6 28. Rg4 Kf8 29. Nc5 Bxe5 30. Ne6+ Ke7 31. Rxg7+ Kd6 32. Rxb7 a5 33. Ke2 Rh8
34. Kf3 Rh4 35. b3 a4 36. Ke3 axb3 37. cxb3 Rh8 38. Rb4 Rh5 39. Ng7 Rg5 40. Rb7
Bb2 41. Kf3 1-0

[Event "Torneo Zonale femminile"]
[Site "Saint Vincent - Chatillon ITA"]
[Date "1999.05.22"]
[Round "4"]
[White "Agosto, Erika"]
[Black "Sirletti, Sonia"]
[Result "1/2-1/2"]
[WhiteElo "2024"]
[BlackElo "1795"]
[PlyCount "30"]
[EventDate "1999.05.19"]

1. e4 e5 2. Nf3 Nc6 3. Nc3 Nf6 4. d4 exd4 5. Nd5 Nxe4 6. Qe2 f5 7. Ng5 d3 8.
cxd3 Nd4 9. Qh5+ g6 10. Qh4 c6 11. dxe4 cxd5 12. exd5 Bg7 13. Kd1 h6 14. Nf3
Nxf3 15. Qxd8+ Kxd8 1/2-1/2

[Event "Torneo Zonale femminile"]
[Site "Saint Vincent - Chatillon ITA"]
[Date "1999.05.22"]
[Round "4"]
[White "Carvalho, Alda"]
[Black "Fittante, Giuliana"]
[Result "1-0"]
[WhiteElo "2104"]
[BlackElo "2059"]
[PlyCount "131"]
[EventDate "1999.05.19"]

1. e4 Nf6 2. Nc3 d5 3. exd5 Nxd5 4. Bc4 e6 5. Qf3 Nb4 6. Bb3 N8c6 7. Nge2 Na5
8. Ba4+ Bd7 9. a3 Nd5 10. Bxd7+ Qxd7 11. O-O Nxc3 12. Qxc3 Nc6 13. b4 Rd8 14.
d3 Nd4 15. Qd2 Be7 16. Nxd4 Qxd4 17. Rb1 O-O 18. Bb2 Qg4 19. f4 h5 20. Rf3 h4
21. Rbf1 Rd5 22. Qe3 c5 23. f5 Bg5 24. Qf2 Rxf5 25. bxc5 h3 26. g3 Rxf3 27.
Qxf3 Qxf3 28. Rxf3 f5 29. Be5 Rc8 30. d4 b6 31. Bd6 Bc1 32. Rb3 bxc5 33. Bxc5
Rc7 34. Kf2 e5 35. c3 f4 36. Bd6 fxg3+ 37. Kxg3 Bf4+ 38. Kxh3 Rc8 39. dxe5 g5
40. Kg4 Bxh2 41. Kxg5 Rc4 42. Kf6 a5 43. Rb8+ Kh7 44. Rb7+ Kg8 45. Rc7 Rf4+ 46.
Ke6 Re4 47. Rc5 a4 48. Kd5 Re3 49. Rc4 Bg3 50. Rg4+ Kh7 51. c4 Rd3+ 52. Rd4 Re3
53. Re4 Rd3+ 54. Kc6 Kg6 55. Kb5 Kf5 56. Re2 Ke6 57. Kxa4 Rd4 58. Kb5 Rd3 59.
a4 Rb3+ 60. Kc6 Rb1 61. a5 Ra1 62. Bc7 Ra4 63. Kb5 Ra1 64. a6 Rb1+ 65. Kc6 Ra1
66. Kb7 1-0

[Event "Torneo Zonale femminile"]
[Site "Saint Vincent - Chatillon ITA"]
[Date "1999.05.22"]
[Round "4"]
[White "Garcia Vicente, Nieves"]
[Black "Milligan Scott, Helen"]
[Result "1/2-1/2"]
[WhiteElo "2263"]
[BlackElo "2054"]
[PlyCount "87"]
[EventDate "1999.05.19"]

1. d4 Nf6 2. c4 e6 3. Nc3 Bb4 4. e3 b6 5. Nge2 Ne4 6. Bd2 Nxd2 7. Qxd2 O-O 8.
a3 Be7 9. Nf4 d6 10. Be2 c6 11. O-O-O Nd7 12. Qc2 e5 13. Nh5 Qe8 14. g4 Nf6 15.
Nxf6+ Bxf6 16. Ne4 Be7 17. dxe5 dxe5 18. g5 Be6 19. Bd3 b5 20. Rhg1 g6 21. h4
Rd8 22. Qc3 bxc4 23. Bc2 Rxd1+ 24. Rxd1 Qb8 25. Nf6+ Bxf6 26. gxf6 Rd8 27.
Rxd8+ Qxd8 28. Qxe5 Bg4 29. Qf4 h5 30. f3 Be6 31. Qe5 c3 32. Qxc3 Bd5 33. Qd4
Qa5 34. Qd1 Qb6 35. e4 Be6 36. Kb1 Kh7 37. Ba4 c5 38. Qg1 Qd6 39. Qg5 Qd3+ 40.
Kc1 Qf1+ 41. Bd1 Qc4+ 42. Kd2 Qd4+ 43. Kc1 Qc4+ 44. Kd2 1/2-1/2

[Event "Torneo Zonale femminile"]
[Site "Saint Vincent - Chatillon ITA"]
[Date "1999.05.22"]
[Round "4"]
[White "Jap Tjoen San, Linda"]
[Black "Bosboom-Lanchava, Tea"]
[Result "0-1"]
[WhiteElo "2233"]
[BlackElo "2261"]
[PlyCount "98"]
[EventDate "1999.05.19"]

1. e4 c5 2. Nf3 Nc6 3. d4 cxd4 4. Nxd4 g6 5. c4 Nf6 6. Nc3 d6 7. Be2 Nxd4 8.
Qxd4 Bg7 9. Be3 O-O 10. Qd2 Be6 11. f3 Qa5 12. O-O Rfc8 13. Nd5 Qxd2 14. Bxd2
Nxd5 15. exd5 Bd7 16. Be3 b6 17. a4 Bxb2 18. Ra2 Bc3 19. Rb1 e6 20. Rb3 Ba5 21.
g4 exd5 22. cxd5 Rc3 23. Rxc3 Bxc3 24. Bb5 Bxb5 25. axb5 Re8 26. Bf4 Be5 27.
Bh6 Re7 28. Kg2 Bd4 29. Bf4 Kg7 30. Bxd6 Rd7 31. Bb8 Rxd5 32. Rd2 Kf6 33. Bxa7
Ke6 34. f4 f5 35. h3 Kd6 36. Bb8+ Kc5 37. Bc7 Kxb5 38. gxf5 gxf5 39. Kg3 Kc4
40. Rc2+ Kd3 41. Rc6 b5 42. Ba5 Bc5 43. Rc7 h6 44. Rb7 Ke4 45. Rb8 Rd3+ 46. Kg2
Rb3 47. Bc7 Rb2+ 48. Kf1 Kf3 49. Ke1 Be3 0-1

[Event "Torneo Zonale femminile"]
[Site "Saint Vincent - Chatillon ITA"]
[Date "1999.05.22"]
[Round "4"]
[White "Nicoara Etchegaray, Malina"]
[Black "Sziva, Erika"]
[Result "1/2-1/2"]
[WhiteElo "2245"]
[BlackElo "2332"]
[PlyCount "47"]
[EventDate "1999.05.19"]

1. d4 Nf6 2. c4 g6 3. Nc3 Bg7 4. e4 d6 5. f3 O-O 6. Be3 c5 7. Nge2 Nc6 8. d5
Ne5 9. Ng3 e6 10. Be2 exd5 11. cxd5 a6 12. Qd2 Re8 13. a4 h5 14. O-O h4 15. Nh1
Nh7 16. Nf2 f5 17. Kh1 Bd7 18. Rae1 Rc8 19. exf5 Bxf5 20. Nfe4 Nf7 21. Bd3 Ne5
22. Be2 Nf7 23. Bd3 Ne5 24. Be2 1/2-1/2

[Event "Torneo Zonale femminile"]
[Site "Saint Vincent - Chatillon ITA"]
[Date "1999.05.22"]
[Round "4"]
[White "Regan, Natasha K."]
[Black "Berend, Elvira S."]
[Result "0-1"]
[WhiteElo "2151"]
[BlackElo "2340"]
[PlyCount "176"]
[EventDate "1999.05.19"]

1. e4 c5 2. Nf3 d6 3. c3 Nf6 4. Be2 g6 5. O-O Bg7 6. Bb5+ Bd7 7. Bxd7+ Nbxd7 8.
Re1 O-O 9. d4 cxd4 10. cxd4 Nb6 11. Nc3 Rc8 12. Qe2 e6 13. e5 dxe5 14. dxe5
Nfd5 15. Ne4 Nd7 16. Nd6 Rb8 17. Bg5 Qb6 18. Nc4 Qa6 19. Qe4 Rbc8 20. Ne3 Nxe3
21. Qxe3 Nb6 22. Bh6 Nd5 23. Qg5 Qd3 24. Rad1 Qf5 25. Qh4 Qh5 26. Qxh5 gxh5 27.
Bxg7 Kxg7 28. Rd2 Rc4 29. g3 Rfc8 30. Kg2 Rc2 31. Ree2 Rxd2 32. Rxd2 Rc1 33. h4
Kg6 34. Nd4 Re1 35. Nf3 Re4 36. Kf1 h6 37. Rd4 Kf5 38. Rd3 Rc4 39. Rb3 Rb4 40.
Ra3 Rxb2 41. Rxa7 Nc3 42. Nd4+ Kxe5 43. Nb3 Ne4 44. Rxb7 Rxf2+ 45. Ke1 Rxa2 46.
Rxf7 Nxg3 47. Nc1 Ra1 48. Kd2 Nf5 49. Nd3+ Ke4 50. Nc5+ Kd5 51. Nd3 Ra2+ 52.
Kc3 Ra3+ 53. Kd2 Kd6 54. Rb7 Nxh4 55. Rb6+ Ke7 56. Nf4 Nf3+ 57. Kd1 Ng5 58.
Nxh5 Kf7 59. Ke2 Kg6 60. Nf4+ Kf5 61. Nd3 Ne4 62. Rb5+ Kf6 63. Rb8 Ng3+ 64. Kd2
Nf5 65. Rf8+ Kg7 66. Re8 Kf7 67. Rh8 Ra2+ 68. Kc3 Rg2 69. Nf4 Rg4 70. Ne2 Rh4
71. Kd3 h5 72. Ra8 Rh3+ 73. Kd2 Rf3 74. Ng1 Rb3 75. Ke2 Ng3+ 76. Kf2 Ne4+ 77.
Kg2 Ng5 78. Rh8 Kg6 79. Ne2 Rb2 80. Kf1 Rb4 81. Rg8+ Kf6 82. Ng3 h4 83. Nh5+
Kf5 84. Kg2 h3+ 85. Kh1 Rb1+ 86. Kh2 Nf3+ 87. Kxh3 Rh1+ 88. Kg2 Rg1+ 0-1

[Event "Torneo Zonale femminile"]
[Site "Saint Vincent - Chatillon ITA"]
[Date "1999.05.22"]
[Round "4"]
[White "Sebag, Marie"]
[Black "Houska, Jovanka"]
[Result "1/2-1/2"]
[WhiteElo "2053"]
[BlackElo "2286"]
[PlyCount "116"]
[EventDate "1999.05.19"]

1. e4 d5 2. exd5 Qxd5 3. Nc3 Qa5 4. d4 Nf6 5. Bd2 c6 6. Bc4 Bf5 7. Nge2 e6 8.
Ng3 Bg6 9. h4 h6 10. Qe2 Bb4 11. O-O-O Nbd7 12. d5 cxd5 13. Nxd5 Nxd5 14. Bxd5
Bxd2+ 15. Rxd2 O-O-O 16. Bc4 Ne5 17. Bb3 Qc5 18. Rhd1 Rxd2 19. Rxd2 Rd8 20. Qe3
Qxe3 21. fxe3 Rd7 22. Rd4 Nc6 23. Rg4 Ne5 24. Rd4 Kc7 25. Kd2 Nc6 26. Rxd7+
Kxd7 27. c4 Na5 28. Ba4+ Kd6 29. Kc3 Bb1 30. b4 Nc6 31. c5+ Ke5 32. a3 Ne7 33.
Bd7 Nd5+ 34. Kd2 b6 35. Ne2 bxc5 36. bxc5 Be4 37. Nd4 Nc7 38. g3 Na6 39. c6 Nc7
40. a4 a6 41. Kc3 Kd6 42. Kb4 e5 43. Nf5+ Bxf5 44. Bxf5 Kxc6 45. Be4+ Kb6 46.
a5+ Ka7 47. Kc5 Ne8 48. Kd5 Nf6+ 49. Kxe5 Nxe4 50. Kxe4 Kb7 51. Kd5 Kc7 52. g4
g5 53. hxg5 hxg5 54. e4 Kd7 55. e5 Ke7 56. Kd4 Kd7 57. Kd5 Ke7 58. Kd4 Kd7
1/2-1/2

[Event "Torneo Zonale femminile"]
[Site "Saint Vincent - Chatillon ITA"]
[Date "1999.05.22"]
[Round "4"]
[White "Vilar Lopez, Monica"]
[Black "Lauterbach, Ingrid"]
[Result "1/2-1/2"]
[WhiteElo "2175"]
[BlackElo "2171"]
[PlyCount "66"]
[EventDate "1999.05.19"]

1. e4 d6 2. d4 Nf6 3. Nc3 g6 4. Nf3 Bg7 5. Be2 O-O 6. O-O c6 7. a4 Nbd7 8. a5
Qc7 9. Be3 e5 10. dxe5 dxe5 11. Nd2 Rd8 12. h3 Nf8 13. Bc4 Ne6 14. Bxe6 Bxe6
15. Qe2 Nh5 16. Rfd1 Nf4 17. Qf1 b6 18. axb6 axb6 19. Nc4 Bxc4 20. Qxc4 Rxd1+
21. Rxd1 Ne6 22. b4 b5 23. Qb3 Qe7 24. Ne2 Nd4 25. Bxd4 exd4 26. f3 Ra4 27. Rb1
Qa7 28. Qd3 Ra3 29. Rb3 Ra1+ 30. Kf2 h5 31. f4 Rh1 32. Ng3 Rc1 33. Ne2 Rh1
1/2-1/2

[Event "Torneo Zonale femminile"]
[Site "Saint Vincent - Chatillon ITA"]
[Date "1999.05.23"]
[Round "5"]
[White "Agosto, Erika"]
[Black "Carvalho, Alda"]
[Result "1-0"]
[WhiteElo "2024"]
[BlackElo "2104"]
[PlyCount "109"]
[EventDate "1999.05.19"]

1. e4 c5 2. Nf3 e6 3. d4 cxd4 4. Nxd4 Nc6 5. c3 a6 6. Be2 Nf6 7. Nd2 Qc7 8.
Nxc6 bxc6 9. Qc2 d5 10. Bd3 Bd6 11. Nf3 Bb7 12. h3 h6 13. Qe2 Nd7 14. b3 O-O
15. O-O a5 16. c4 a4 17. Bb2 e5 18. cxd5 cxd5 19. Rac1 Qb6 20. exd5 Bxd5 21.
Bc4 Bxc4 22. Qxc4 axb3 23. Qxb3 Qa5 24. Rfd1 Nc5 25. Qd5 Rfd8 26. Nxe5 Bxe5 27.
Qxe5 Rxd1+ 28. Rxd1 f6 29. Qd5+ Kh8 30. Rc1 Na4 31. Rc8+ Rxc8 32. Qxa5 Nxb2 33.
a4 Rc1+ 34. Kh2 Ra1 35. Qc3 Rxa4 36. Qxb2 Ra8 37. g4 Rf8 38. Kg3 Kh7 39. Qb7
Kg8 40. Kf4 g6 41. h4 f5 42. Qd5+ Kg7 43. gxf5 gxf5 44. Qxf5 Rf6 45. Ke5 Rxf5+
46. Kxf5 Kf7 47. h5 Kg7 48. Ke6 Kh7 49. Kf7 Kh8 50. f4 Kh7 51. f5 Kh8 52. f6
Kh7 53. Ke8 Kh8 54. f7 Kh7 55. Ke7 1-0

[Event "Torneo Zonale femminile"]
[Site "Saint Vincent - Chatillon ITA"]
[Date "1999.05.23"]
[Round "5"]
[White "Berend, Elvira S."]
[Black "Sebag, Marie"]
[Result "1-0"]
[WhiteElo "2340"]
[BlackElo "2053"]
[PlyCount "53"]
[EventDate "1999.05.19"]

1. e4 c5 2. Nc3 Nc6 3. Nf3 Nf6 4. Bb5 d6 5. e5 Ng4 6. exd6 Qxd6 7. Ne4 Qd5 8.
Qe2 e6 9. d3 a6 10. Bxc6+ Qxc6 11. Bg5 h6 12. Bf4 Be7 13. h3 Nf6 14. Ne5 Qd5
15. Nc4 Nxe4 16. dxe4 Qc6 17. O-O-O O-O 18. Bd6 Bxd6 19. Rxd6 Qc7 20. Rhd1 b5
21. Ne5 c4 22. Qe3 b4 23. Qb6 Qe7 24. Nxc4 a5 25. Rd8 Ra6 26. Rxf8+ Qxf8 27.
Qc7 1-0

[Event "Torneo Zonale femminile"]
[Site "Saint Vincent - Chatillon ITA"]
[Date "1999.05.23"]
[Round "5"]
[White "Bosboom-Lanchava, Tea"]
[Black "Garcia Vicente, Nieves"]
[Result "1-0"]
[WhiteElo "2261"]
[BlackElo "2263"]
[PlyCount "79"]
[EventDate "1999.05.19"]

1. d4 Nf6 2. c4 e6 3. Nf3 d5 4. cxd5 exd5 5. Nc3 Bb4 6. Bg5 h6 7. Bh4 g5 8. Bg3
Ne4 9. Qa4+ Nc6 10. Rc1 h5 11. Ne5 Bd7 12. Qb3 h4 13. Qxd5 Be6 14. Qxe4 hxg3
15. Nxc6 gxf2+ 16. Kxf2 bxc6 17. Qxc6+ Kf8 18. e3 Bd6 19. g3 Rb8 20. b3 Rb6 21.
Qe4 Ba3 22. Rc2 Bf5 23. Qe5 Rbh6 24. Ne4 Bxe4 25. Qxe4 Rxh2+ 26. Rxh2 Rxh2+ 27.
Bg2 Bd6 28. Qg4 Rh6 29. Kg1 Re6 30. Re2 c5 31. Bd5 Rf6 32. Rh2 Qa5 33. Rh8+ Ke7
34. Qe4+ Re6 35. Bxe6 Qe1+ 36. Kg2 Qxg3+ 37. Kf1 fxe6 38. Rh7+ Kd8 39. Qa8+ Bb8
40. Rh8+ 1-0

[Event "Torneo Zonale femminile"]
[Site "Saint Vincent - Chatillon ITA"]
[Date "1999.05.23"]
[Round "5"]
[White "Fittante, Giuliana"]
[Black "Regan, Natasha K."]
[Result "0-1"]
[WhiteElo "2059"]
[BlackElo "2151"]
[PlyCount "54"]
[EventDate "1999.05.19"]

1. d4 d5 2. Nf3 Nf6 3. Bg5 e6 4. e3 Be7 5. Bd3 h6 6. Bf4 O-O 7. Nbd2 c5 8. c3
Nc6 9. Qe2 Re8 10. O-O Nh5 11. Ne5 Nxf4 12. exf4 cxd4 13. Nxc6 bxc6 14. cxd4 c5
15. dxc5 Bxc5 16. Nf3 Rb8 17. Rac1 Qb6 18. Ne5 f6 19. Qh5 Re7 20. b4 Bxf2+ 21.
Rxf2 fxe5 22. fxe5 Ba6 23. Bxa6 Rf8 24. Rc5 Rxf2 25. Kxf2 Rf7+ 26. Kg3 Qxa6 27.
Rc2 Qd3+ 0-1

[Event "Torneo Zonale femminile"]
[Site "Saint Vincent - Chatillon ITA"]
[Date "1999.05.23"]
[Round "5"]
[White "Lauterbach, Ingrid"]
[Black "Calzetta Ruiz, Monica"]
[Result "0-1"]
[WhiteElo "2171"]
[BlackElo "2158"]
[PlyCount "102"]
[EventDate "1999.05.19"]

1. e4 c5 2. Nf3 Nf6 3. d3 Nc6 4. Nbd2 d5 5. g3 Bg4 6. h3 Bh5 7. Bg2 e6 8. O-O
Be7 9. Re1 h6 10. c3 O-O 11. Qb3 Qc7 12. Nh2 Rad8 13. f4 Bg6 14. Qc2 b5 15. b3
c4 16. d4 cxb3 17. Qxb3 b4 18. Ng4 bxc3 19. Qxc3 Nxe4 20. Bxe4 Bb4 21. Qc2 Bxe4
22. Nxe4 dxe4 23. Rxe4 Qd6 24. Qc4 Nxd4 25. Be3 Bc5 26. Kf1 f5 27. Bxd4 Bxd4
28. Rxe6 Qd5 29. Nxh6+ gxh6 30. Qxd5 Rxd5 31. Rc1 Rf6 32. Rc8+ Kg7 33. Rc7+ Rf7
34. Rcc6 Bf6 35. g4 fxg4 36. hxg4 Rd4 37. Kg2 Rxf4 38. Kg3 Ra4 39. Ra6 Rxa6 40.
Rxa6 Bd4 41. Ra4 Bf2+ 42. Kh3 Kg6 43. Re4 Rf6 44. Ra4 Kg5 45. Ra5+ Kf4 46. Ra4+
Kf3 47. Ra5 Be3 48. Ra3 Rf4 49. Rb3 Ra4 50. a3 a5 51. Rc3 Rxg4 0-1

[Event "Torneo Zonale femminile"]
[Site "Saint Vincent - Chatillon ITA"]
[Date "1999.05.23"]
[Round "5"]
[White "Milligan Scott, Helen"]
[Black "Vilar Lopez, Monica"]
[Result "1-0"]
[WhiteElo "2054"]
[BlackElo "2175"]
[PlyCount "129"]
[EventDate "1999.05.19"]

1. d4 Nf6 2. Nf3 e6 3. e3 c5 4. Bd3 Be7 5. b3 b6 6. Bb2 Bb7 7. Nbd2 Nc6 8. a3
O-O 9. O-O Rc8 10. c4 cxd4 11. exd4 d5 12. Qe2 Re8 13. Rfe1 Nh5 14. g3 Nf6 15.
Rad1 Na5 16. Ne5 dxc4 17. bxc4 b5 18. c5 a6 19. Ne4 Qd5 20. Nxf6+ Bxf6 21.
Bxh7+ Kf8 22. Be4 Qxe4 23. Qxe4 Bxe4 24. Nd7+ Ke7 25. Nxf6 Kxf6 26. Rxe4 Nc4
27. Bc1 Red8 28. h4 Rd5 29. Rde1 Rc7 30. Bg5+ Kg6 31. Ra1 Rc6 32. Be3 f5 33.
Rf4 Nxe3 34. fxe3 e5 35. h5+ Kxh5 36. Rxf5+ Kg4 37. Raf1 g6 38. Rf6 Rxf6 39.
Rxf6 exd4 40. exd4 a5 41. Rxg6+ Kf3 42. Rb6 Rxd4 43. Rxb5 a4 44. c6 Rc4 45. Kh2
Rxc6 46. Rf5+ Ke3 47. Rf4 Ra6 48. Kh3 Ra8 49. Kg2 Ra7 50. Rf3+ Ke4 51. Kf2 Ra8
52. Rf4+ Ke5 53. Kf3 Ke6 54. g4 Ra5 55. Kg3 Ke7 56. Kh4 Ke6 57. g5 Ra7 58. Kg4
Ra8 59. g6 Rc8 60. Kg5 Rc3 61. Rxa4 Rg3+ 62. Kh6 Rh3+ 63. Kg7 Rg3 64. Ra6+ Ke7
65. Kg8 1-0

[Event "Torneo Zonale femminile"]
[Site "Saint Vincent - Chatillon ITA"]
[Date "1999.05.23"]
[Round "5"]
[White "Nepeina Leconte, Maria"]
[Black "Nicoara Etchegaray, Malina"]
[Result "0-1"]
[WhiteElo "2315"]
[BlackElo "2245"]
[PlyCount "66"]
[EventDate "1999.05.19"]

1. e4 c5 2. Nf3 Nc6 3. d4 cxd4 4. Nxd4 g6 5. Nc3 Bg7 6. Nde2 Nf6 7. g3 b5 8.
Bg2 Rb8 9. O-O O-O 10. Nd5 d6 11. Bg5 Ng4 12. Rb1 h6 13. Bd2 b4 14. c3 Ba6 15.
cxb4 e6 16. Nec3 Nxb4 17. h3 Ne5 18. Be3 Bd3 19. Rc1 Nc4 20. a3 Nxb2 21. Qe1
Nc2 22. Qd2 Bxc3 23. Nxc3 Nxe3 24. Qxe3 Bxf1 25. Bxf1 Qg5 26. Qxg5 hxg5 27. Nb5
Rfc8 28. Re1 Nc4 29. a4 a6 30. Nd4 Rb4 31. Rc1 Rxa4 32. Nf3 Rc5 33. e5 Nxe5 0-1

[Event "Torneo Zonale femminile"]
[Site "Saint Vincent - Chatillon ITA"]
[Date "1999.05.23"]
[Round "5"]
[White "Sirletti, Sonia"]
[Black "Jap Tjoen San, Linda"]
[Result "0-1"]
[WhiteElo "1795"]
[BlackElo "2233"]
[PlyCount "103"]
[EventDate "1999.05.19"]

1. d4 Nf6 2. c4 g6 3. Nc3 d5 4. Nf3 Bg7 5. Bg5 Ne4 6. cxd5 Nxg5 7. Nxg5 e6 8.
Qa4+ Bd7 9. Qb3 exd5 10. Qxd5 O-O 11. Nf3 Bc6 12. Qxd8 Rxd8 13. e3 Bxf3 14.
gxf3 c5 15. Rd1 cxd4 16. Nb5 Nc6 17. e4 Be5 18. Bd3 a6 19. Na3 b5 20. Nc2 Rac8
21. h4 h5 22. Ke2 Bf4 23. Ne1 Nb4 24. a3 Nxd3 25. Nxd3 Rc2+ 26. Ke1 Bh6 27. f4
a5 28. Rd2 Rdc8 29. Ke2 Bf8 30. Rhd1 Be7 31. Ne1 Rxd2+ 32. Rxd2 Rc4 33. Ng2 b4
34. Kd3 Rc1 35. axb4 Bxb4 36. Rc2 Rd1+ 37. Ke2 Rg1 38. Kf3 Kg7 39. Rc8 d3 40.
Rd8 d2 41. Ne3 Rb1 42. f5 Rxb2 43. fxg6 fxg6 44. Rd7+ Kf6 45. Kf4 Ke6 46. Rd5
a4 47. Rg5 Kf7 48. e5 a3 49. e6+ Kg7 50. e7 Bxe7 51. Ra5 a2 52. Kf3 0-1